000 02631nam0a2200409 4500
001 RU\NLR\BIBL_A\011149253
005 20260407102840.0
020 _aRU
_9От Февраля к Октябрю: коллекция листовок/Рос. нац. б-ка
035 _a(NLR Aleph) 011149253
090 _a11663180
_c11663180
100 _a20160609d1917 |||y0rusy50 ca
101 0 _arus
102 _aRU
105 _ay z 000yy
135 _acrcn 024apada
200 1 _a[Бюллетень] № 1 по гор. Петрограду Трудовой Народно-социалистической партии
_e[листовка]
210 _a[Петроград, Петроградская губ.
_cб. и.
_d1917, сент. после 23 - окт., до 12]
215 _a[1] л.
_d18х12
300 _aКоллекция листовок "От Февраля к Октябрю" (2 экз.)
316 _aЭкземпляры РНБ: 1-й экз. вложен в паспарту; 2-й экз. вклеен в паспарту
_5NLR
325 1 _aКопия доступна в Электронной библиотеке РНБ
327 1 _aИзбирательный бюллетень Трудовой народно-социалистической партии на выборах в Учредительное собрание по Петрограду
540 1 _aИзбирательный бюллетень Трудовой народно-социалистической партии на выборах в Учредительное собрание по Петрограду
540 1 _aОт Февраля к Октябрю
_eлистовки
601 0 2 _aВсероссийское учредительное собрание
_jЛистовки
_xВыборы
_xУчастие политических партий
_z1917
_92277565
_3RU\NLR\AUTH\6601593222
607 _aРоссия
_jЛистовки
_xИстория
_z1917
_92250871
_3RU\NLR\AUTH\661350120
686 0 _aТ3(2)524.2,011
686 0 _aТ3(2)711.29-310,011
710 0 2 _aТрудовая народно-социалистическая партия
_3RU\NLR\AUTH\889931291
_9358038
712 0 2 _4570
_aВсероссийское учредительное собрание
_c1918
_3RU\NLR\AUTH\8810361
_9293323
852 0 0 _aNLR
_bФл
_jIV/82
942 _cBOOK
980 _aNB
981 4 2 _a(42) 1917: от Февраля к Октябрю
_b(42) Листовки 1917 года